| 000 | 00709nam a22002292 4500 | ||
|---|---|---|---|
| 001 | 0000003055 | ||
| 005 | 20151217154336.0 | ||
| 008 | 070426s xx 000 0 eng d | ||
| 020 |
_a8178088797 : _cKES 1,680 |
||
| 040 |
_aKABU _cKABU |
||
| 050 | 0 |
_aHG4529 _b.F57 1995 |
|
| 100 | 1 |
_aFischer, Donald E. _@0000152655 |
|
| 245 | 1 | 0 |
_aSecurity analysis and portfolio Management / _cDonald E. Fischer, Ronald J. Jordan. |
| 250 | _a6th ed. | ||
| 260 |
_aDelhi : _bPearson Educ., _c1995. |
||
| 300 | _axi, 691 p. | ||
| 650 | 0 |
_aInvestment analysis. _@0000152635 |
|
| 650 | 0 |
_aPortfolio management. _@0000152629 |
|
| 908 | _a070426 | ||
| 950 | _@1 | ||
| 999 |
_c10639 _d10639 |
||